| 000 | 00706nam a2200277 a 4500 | ||
|---|---|---|---|
| 003 | AR-BaBNM | ||
| 005 | 20251128203153.0 | ||
| 008 | 082120s2002 ||||||||||||||000 | spa|| | ||
| 040 | _cAR-BaBNM | ||
| 100 | 1 | _aCocca, Aldo Armando | |
| 245 | 0 | 0 |
_aAmancay _bpiece en trois actes |
| 250 | _a1ª ed. | ||
| 260 |
_aParís _bCaracteres _c1953 |
||
| 300 |
_a80 p. _bil. |
||
| 490 | 0 | _aLes cahiers latins | |
| 650 | 4 | _aLITERATURA ARGENTINA | |
| 650 | 4 | _aTEATRO | |
| 650 | 4 | _aCOSTUMBRES Y TRADICIONES | |
| 650 | 4 | _aLITERATURA CONTEMPORANEA | |
| 650 | 4 | _aLITERATURA FOLKLORICA | |
| 650 | 4 | _aLEYENDAS | |
| 655 | _aLITERATURA | ||
| 800 | 1 |
_aCouffon, Claude _edirector |
|
| 942 | _cBK | ||
| 998 | _cMARTIN | ||
| 999 |
_c2220 _d2220 |
||